Сапуненият мехур (Запис номер 140787)
[ съкратено ]
| 000 -Лидер | |
|---|---|
| Контролно поле с фиксирана дължина | nam a22 a 4500 |
| 003 - Код на организацията, давaща контролен номер | |
| Контролно поле | BLK |
| 005 - Дата и час на последна редакция | |
| Контролно поле | 20230109171542.0 |
| 008 - Елементи от данни с фиксирана дължина | |
| fixed length control field | 180409b bul|||||r ||||||| ||bul|| |
| 010 ## - Наследен системен номер | |
| LC control number | KNG00146856000 |
| 040 ## - Източник на каталожния запис | |
| Идентификатор на билиотеката - собственик на записа | BLK |
| 041 ## - Код за език | |
| Код за езика на текст/звукозапис или на отделно заглавие | Български |
| Код за езика КДБФ | Български |
| 080 ## - УДК | |
| Текстов определител УДК | Българска литература |
| УДК код - определител по УДК | 821.163.2 |
| УДК определител | -93-7 |
| УДК - код + определител | 821.163.2-93-7 |
| 100 1# - Редна дума - Автор | |
| Автор | Лъкатник, Михаил |
| Авторска отговорност | първи автор |
| Автор - информация (биография) | Арнаудов, Михаил Георгиев |
| R(LIN) | 90033 |
| 139 ## - Редно поле | |
| Редна дума | Лъкатник, Михаил |
| Авторски знак | Лъв - Л 93 |
| 245 10 - Сведения за заглавието | |
| Заглавие | Сапуненият мехур |
| Подзаглавни данни | Весели фейлетони за пионерите |
| Редно поле (дума) | Михаил Лъкатник; * Михаил Георгиев Арнаудов. |
| 257 ## - Страна на издаване | |
| Страна на създаване/издаване | България |
| 260 ## - Област на издателските данни | |
| Място на издаване, разпространение и проч. | София |
| Име на издателя, разпространителя и проч. | Държ. изд. |
| Година на издаване | 1963 |
| 300 ## - Физическа характеристика | |
| Страници | 104 с. |
| Илюстрации и др. | с ил. |
| Размери/Мащаб | 21 см |
| 380 ## - Жанр | |
| Жанр | Детска худож. лит. |
| 500 ## - Общи забележки | |
| Забележка | Михаил Лъкатник - псевд. на Михаил Георгиев Арнаудов. - 6 080 тир. |
| 653 ## - Ключова дума – ненормативна | |
| Ключова дума | детска литература |
| 653 ## - Ключова дума – ненормативна | |
| Ключова дума | литература за деца |
| 700 1# - Други автори (авторска отговорност) | |
| Лично име | Арнаудов, Михаил Георгиев |
| Автороска отговорност (Описва отношението между автора и произведението) | * |
| 9 (RLIN) | 377143 |
| 852 ## - Местоположение | |
| Форматна сигнатура | Цб 261466 |
| 856 4# - Електронен адрес и достъп | |
| Електронен формат | pdf - файл |
| Инструкция (цена за достъп) | 0.00 |
| Права за достъп | disable |
| 856 4# - Електронен адрес и достъп | |
| Електронен формат | pdf - файл |
| Инструкция (цена за достъп) | 0.00 |
| Права за достъп | disable |
| 999 ## - СИСТЕМНИ КОНТРОЛНИ НОМЕРА | |
| Koha biblionumber | 140787 |
| Koha biblioitemnumber | 140787 |
| 942 ## - АРТИКУЛИ | |
| Вид на библиотечния материал | Книги |
| Скрит в OPAC | Не |
| Периодичен библиозапис | Да |
| 944 ## - СЪЗДАВАНЕ И РЕДАКЦИЯ на ЗАПИСА | |
| Създаване/Редакция | Създаване |
| Дата на регистрацията/редакция | 23.07.2013 |
| Статус, дата на статуса | 23.07.2013 - от С1,Р / 23.07.2013 |
| Служител, извършил регистрацията/редакцията | Радинела_Гицова |
| 944 ## - СЪЗДАВАНЕ И РЕДАКЦИЯ на ЗАПИСА | |
| Създаване/Редакция | Редакция |
| Дата на регистрацията/редакция | 21.09.2017 |
| Статус, дата на статуса | 23.07.2013 - от С1,Р / 23.07.2013 |
| Служител, извършил регистрацията/редакцията | Вася_Ганчева |
| 999 ## - СИСТЕМНИ КОНТРОЛНИ НОМЕРА | |
| Koha biblioitemnumber | 140787 |
| Код за отписване | Код за изгубен артикул | Източник на класификационната схема | Код за повреда | Коз за рестрикции | Код за отдаване | Артикулен № | Име на библиотеката - собственик | Име на библиотеката, в която се намира в момента | Статус (Текущо местоположение) | Дата на вписване в системата | Местоположение - отдел | Цена в лева | Инвентарен номер | Систематично азбучна сигнатура | Баркод | Номер на екземпляра | Цена в евро | Служебна бележка | Служебен тип на артикула | Бележка за публиката |
|---|---|---|---|---|---|---|---|---|---|---|---|---|---|---|---|---|---|---|---|---|
| Не е изгубен | Universal Decimal Classification | Не е повреден | само за читалня | ползва се в читалня | 231185 | Регионална библиотека "Любен Каравелов" Русе | Регионална библиотека "Любен Каравелов" Русе | Хранилище | 1963-01-01 | Хранилище | 0.39 | 9975/63 | Цб 261466 | 900000104726 | 1 | 0.20 | N: стар фонд Дата: 01.01.1963 | Книги | ||
| Изтеглен | Не е изгубен | Не е повреден | без рестрикции | заемане за дома | 231186 | Регионална библиотека "Любен Каравелов" Русе | Регионална библиотека "Любен Каравелов" Русе | 1963-01-01 | Детски отдел | 0.39 | 9515/63 | ДХ 886.7/Л 93 | 9515/63 | 2 | 0.20 | N: стар фонд Дата: 01.01.1963 Дата инв: 04.09.2015 Бележки инв: Д2015 | Книги | Отч.N: 36/2017 , Дата: 05.09.2017 | ||
| Изтеглен | Не е изгубен | Не е повреден | без рестрикции | заемане за дома | 231187 | Регионална библиотека "Любен Каравелов" Русе | Регионална библиотека "Любен Каравелов" Русе | 1963-01-01 | Детски отдел | 3.00 | 660560 | ДХ 886.7/Л 93 | 660560 | 3 | 1.53 | Дост: DA Вид: А N: стар фонд Дата: 01.01.1963 Дата инв: 04.09.2015 Бележки инв: Д2015 | Книги | Отч.N: 33/2017 , Дата: 04.09.2017 |